000 00803nam a2200229 4500
001 140020
003 ES-MaACL
005 20250825070349.0
007 t|
008 070214s1965 sp r ||||1| spa d
100 1 _aSchramm, Wilbur.
_9104687
245 1 0 _aTelevisión para los niños /
_cWilbur Schramm, Jach Lyle, Edwin B. Parker ; traducción de Rafael García de Castro Andrieu.
260 _aBarcelona :
_bEd. Hispano-Europea,
_c1965.
300 _aXII, 312 p. :
_bil. ;
_c21 cm.
490 1 _aCiencias y técnicas empresariales
700 1 _aLyle, Jach.
_974928
700 1 _aParker, Edwin B.
_989176
700 1 _aGarcía de Castro Andrieu, Rafael
_954412
830 0 _aCiencias y técnicas empresariales
_9220285
852 _aES-MaACL
_jC-28495
_bR.57746
999 _c140020
_d140020